000
00201nam a2200085Ia 4500
008
250605s9999 xx 000 0 und d
041
_a
eng
100
_a
Adarsh Sharma
245
_a
Project done under Faculty
999
_c
45318
_d
45318